[Event "SVK-chT2C 0506"]
[Site "Slovakia"]
[Date "2005.11.26"]
[Round "3.4"]
[White "Holubcik, Marian"]
[Black "Kekely, Lubos"]
[Result "1/2-1/2"]
[WhiteElo "2052"]
[BlackElo "2015"]
[PlyCount "66"]
[EventDate "2005.10.22"]
[EventType "team-tourn"]
[EventRounds "11"]
[EventCountry "SVK"]
[SourceTitle "EXT 2009"]
[Source "ChessBase"]
[SourceDate "2008.11.26"]
[SourceVersion "1"]
[SourceVersionDate "2008.11.26"]
[SourceQuality "1"]

1. e4 e5 2. f4 Bc5 3. Nf3 d6 4. Bc4 Nc6 5. d3 Bg4 6. c3 Qf6 7. h3 Bxf3 8. Qxf3 exf4 9. Bxf4 Ne5 10. Bxe5 Qxf3 11. gxf3 dxe5 12. Nd2 Rd8 13. Nb3 Bb6 14. 0-0-0 Ne7 15. d4 Ng6 16. dxe5 Nxe5 17. Rxd8+ Kxd8 18. Be2 Ke7 19. Rd1 Rd8 20. Rxd8 Kxd8 21. Kd2 Ng6 22. Nd4 Bxd4 23. cxd4 Nf4 24. Bf1 g5 25. Ke3 Ng6 26. e5 h6 27. Ke4 Ke7 28. Kf5 Nh4+ 29. Ke4 Ng6 30. Bc4 f6 31. Bf1 Ke6 32. Bc4+ Ke7 33. Bf1 Ke6 1/2-1/2

[Event "SVK-chT2 0304"]
[Site "Slovakia"]
[Date "2003.??.??"]
[Round "3"]
[White "Kekely, Lubos"]
[Black "Jakubec, Boris"]
[Result "1-0"]
[WhiteElo "2018"]
[BlackElo "2022"]
[PlyCount "63"]
[EventDate "2003.10.??"]
[EventType "team"]
[EventRounds "11"]
[EventCountry "SVK"]
[SourceTitle "EXT 2006"]
[Source "ChessBase"]
[SourceDate "2005.11.24"]
[SourceVersion "1"]
[SourceVersionDate "2005.11.24"]
[SourceQuality "1"]

1. e4 c5 2. Nf3 d6 3. d4 cxd4 4. Nxd4 Nf6 5. Nc3 a6 6. Be2 e5 7. Nb3 Be7 8. 0-0 0-0 9. Be3 Be6 10. f4 Qc7 11. f5 Bc4 12. Bxc4 Qxc4 13. Qf3 b5 14. a3 Nbd7 15. g4 d5 16. Nd2 dxe4 17. Qg2 Qc6 18. g5 Bc5 19. Bxc5 Qxc5+ 20. Kh1 Nh5 21. Ndxe4 Qa7 22. Nd5 Kh8 23. f6 gxf6 24. gxf6 Rg8 25. Ng5 Rxg5 26. Qxg5 Qd4 27. Qxh5 Qxd5+ 28. Qf3 e4 29. Qe3 Ne5 30. Rg1 Nf3 31. Qh6 Ng5 32. Qg7# 1-0